00504nam a2200157Ia 4500008004100000040001900041041001200060082001900072100001900091245012700110260003400237300002400271504001900295650001400314850001800328131103s9999 xx 000 0 und d aLoreto College aEnglish a920/WILbLCLIB aWilson, Arnold aMore thoughts and talksb the diary and scrap book of a member of parliament from sep. 1937 to august 1939 cArnold Wilson aLondonbRight Book clubc1939 aviii,300p. c 21cm. aIncludes index aBiography aLCLIB/920/WIL